Berlini nyárfák
| Main Author: | |
|---|---|
| Other Authors: | |
| Format: | Article |
| Language: | Slovak Hungarian Norwegian |
| PhysicalDescription: | Obr. |
| ISSN: | 1335-1826 |
| Subjects: |
MARC
| LEADER | 00000nab a2200000 a 4500 | ||
|---|---|---|---|
| 001 | vtls009165514 | ||
| 003 | SK-MaSNL | ||
| 005 | 20260304151133.0 | ||
| 008 | 250506c2007 xo |||||||| |000 b|slo | ||
| 015 | |a SNBRB2007/12 |2 snkbucl | ||
| 035 | |a (uuid)099e710f-2255-4650-8407-4656047d3170 | ||
| 035 | |a urn:nbn:sk:snk-ab1xtk | ||
| 035 | |a (urnnbn)urn:nbn:sk:snk:ar-a0176s | ||
| 038 | |a SNKBUCL | ||
| 040 | |a SNKBUCL |b slo |c SNKBUCL |e AACR2 | ||
| 041 | 1 | |a hun |h nor | |
| 044 | |a xo |c SK | ||
| 080 | |a 821.113.5-32=511.141 |2 1997 | ||
| 100 | 1 | |a Ragde, Anne B., |d 1957- |4 aut |9 1472393 | |
| 245 | 1 | 0 | |a Berlini nyárfák |c Anne B. Ragde ; fordította A. Dobos Éva |
| 300 | |b Obr. | ||
| 650 | 0 | 7 | |a psychologické poviedky, nórske |2 snkbucl |9 1450759 |
| 700 | 1 | |a Dobos, Éva A., |d 1955- |4 trl |9 415378 | |
| 773 | 0 | |t Kalligram : művészet és gondolat |g Évf. XVI, sz. október (2007), o. 24-29 |x 1335-1826 | |
| 850 | |a Slovenská národná knižnica | ||
| 852 | |a Slovenská národná knižnica | ||
| 958 | |a article27 | ||
| 958 | |a OND | ||
| 958 | |a HU | ||
| 958 | |a LX | ||
| 958 | |a NO | ||
| 958 | |a EUIPO | ||
| 999 | |c 2941741 |d 2943671 | ||


